Vista normal
Vista MARC
Entrada Materia (tema)
Número de registros utilizados en: 1
001 - CONTROL NUMBER
- control field: 35641
003 - CONTROL NUMBER IDENTIFIER
- control field: Co-BoUCM
005 - DATE AND TIME OF LATEST TRANSACTION
- control field: 20130415112105.0
008 - FIXED-LENGTH DATA ELEMENTS
- fixed length control field: 130415|| aca||aabn | a|a d
040 ## - CATALOGING SOURCE
- Original cataloging agency: Co-BoUCM
- Transcribing agency: Co-BoUCM
150 ## - HEADING--TOPICAL TERM
- Topical term or geographic name as entry element: Análisis de inversiones
- General subdivision: Automatización
670 ## - SOURCE DATA FOUND
- Source citation: Work cat.: (Co-BoUCM)166151: Londoño Orozco, Carlos Arturo 35045, Indicadores, criterios, herramientas y modelos (con Excel) utilizados en la evaluación de inversiones, 2012